| 000 | 01199nam a22002537a 4500 | ||
|---|---|---|---|
| 005 | 20120614170415.0 | ||
| 008 | 081007t xxu||||| |||| 00| 0 mar d | ||
| 010 | _aMAR-22462 | ||
| 020 | _c395.00 | ||
| 035 | _aMR-15120 | ||
| 037 | _bD.B.Act /pub | ||
| 082 | _a294.3823 | ||
| 100 | _949115 | ||
| 245 |
_aसुत्तनिपात / _cधर्मानंद कोसंबी द्वारा अनुवादित;पु.वि.बापट द्वारा संपादित |
||
| 246 |
_bedited by Dharmanand kosambi _aSuttanipat |
||
| 260 |
_aऔरंगाबाद _bकौशल्य प्रकाशन _c2011 |
||
| 270 |
_bऔरंगाबाद _aएन-11,सी-3/24/3,हडको, _e431003 |
||
| 300 |
_a374पृ. _c22सेमी(सजिल्द) |
||
| 650 | _951648 | ||
| 700 |
_aधर्मानंद कोसंबी _951685 |
||
| 700 |
_aबापट, पु.वि. _951686 |
||
| 942 |
_2ddc _cMR _mसुत्तनि _h294.3823 |
||
| 999 |
_c69471 _d69471 |
||